000 00238nam a2200097Ia 4500
001 807591
005 20250826171234.0
008 250824s9999 xx 000 0 und d
245 0 _aJURNAL 1
_cCEMİL MERİÇ
260 _bİLETİŞİM YAYINLARI
999 _c807591
_d807591